000 00799nam a2200277 a 4500
001 74742
003 BD-RjUL
005 20211209082608.0
008 181128s1971 nyufx p 0 a0eng
020 _a02824714385
035 _a(OCoLC)ocm01765986
035 _a(BD-RjUL)74960
040 _aDLC
_beng
_cMUL
_dNSD
_dCOO
_dDLC
_dNSD
_dOCL
_dRCS
_dMUL
_dNST
_dNLM
_dBD-RjUL
041 _aeng
060 0 0 _aW1
_bSO887G
082 0 4 _223
_a660.28424
_bSOL 1971
245 0 0 _aSolvent extraction reviews /
_cedited by Yizhak Marcus.
260 _aNew York :
_bM. Dekker,
_c1971
300 _aIX, 256 p. ;
_c23 cm
650 0 _aExtraction (Chemistry)
_9225344
650 2 _aSolvents.
_9225345
700 _aMarcus, Yizhak .
_9225347
942 _2ddc
_cBK
999 _c74742
_d74742